[Event "Helsinki We HSK"]
[Site "Helsinki"]
[Date "1993.??.??"]
[Round "?"]
[White "Manninen, Marko"]
[Black "Kanko, Ilkka"]
[Result "1/2-1/2"]
[WhiteElo "2380"]
[BlackElo "2330"]

1.d4 Nf6 2.c4 e6 3.Nf3 b6 4.g3 Ba6 5.Nbd2 Bb7 6.Bg2 Be7 7.Qc2 d5 8.cxd5 exd5
9.O-O O-O 10.Ne5 c5 11.dxc5 bxc5 12.b3 Nbd7 13.Bb2 Rc8 14.Ndc4 Nxe5 15.Bxe5 Qd7
16.Rad1 Qe6 17.Bc3 dxc4 18.Bxb7 Rb8 19.Bxf6 Qxf6  1/2-1/2

[Event "Heraklio op"]
[Site "Heraklio"]
[Date "1993.??.??"]
[Round "5"]
[White "Ilic, Zoran"]
[Black "Genov, Petar"]
[Result "0-1"]
[WhiteElo "2390"]
[BlackElo "2435"]

1.d4 Nf6 2.Nf3 e6 3.c4 b6 4.g3 Ba6 5.b3 d5 6.cxd5 exd5 7.Bg2 Bb4+ 8.Bd2 Bd6
9.Nc3 O-O 10.O-O Re8 11.Re1 Bb7 12.Nb5 Bf8 13.Bf4 Na6 14.Qc2 Ne4 15.a3 Qd7
16.Nc3 Rac8 17.Ne5 Qe6 18.Nxe4 dxe4 19.Qc4 Qxc4 20.Nxc4 Rcd8 21.Rad1 Bd5
22.Rc1 b5 23.Nd2 c5 24.dxc5 Nxc5 25.b4 Ne6 26.Be3 f5 27.h4 Ra8 28.Nf1 a5
29.Bd2 Nd4 30.Ne3 Be6 31.Bc3 Red8 32.Rcd1 Nc6 33.Rxd8 Rxd8 34.Rb1 axb4 35.axb4 Ra8
36.g4 g6 37.gxf5 gxf5 38.Bh3 Ra3 39.Be1 Nd4 40.Kf1 Kf7 41.Rd1 Bg7 42.Rc1 Be5
43.Bd2 Nb3 44.Rd1 Nxd2+ 45.Rxd2 Bf4 46.Rb2 Bxe3 47.fxe3 Rxe3 48.Bg2 Bc4 49.Kf2 f4
50.Rd2 Ke6 51.Bf1 Rg3 52.Rd8 e3+ 53.Ke1 Rg1 54.Re8+ Kf6 55.Rf8+ Ke5  0-1

[Event "Heraklio op"]
[Site "Heraklio"]
[Date "1993.??.??"]
[Round "8"]
[White "Inkiov, Ventzislav"]
[Black "Kogan, Artur"]
[Result "1-0"]
[WhiteElo "2485"]
[BlackElo "2340"]

1.d4 Nf6 2.c4 e6 3.Nf3 b6 4.g3 Ba6 5.Qa4 c6 6.Nc3 b5 7.cxb5 cxb5 8.Nxb5 Qb6
9.Nc3 Bb4 10.Bg2 O-O 11.Qc2 Nc6 12.O-O Rab8 13.Bf4 Rbc8 14.Rfd1 Na5 15.Ne5 d6
16.Nd3 Bxc3 17.bxc3 Nd5 18.Bd2 Nc4 19.Bxd5 exd5 20.Nf4 Qa5 21.Qf5 Nxd2 22.Rxd2 Rxc3
23.Rad1 Bc4 24.Rb2 Bxa2 25.Ra1 Ra3 26.Nh5 Bc4 27.Rxa3 Qxa3 28.Qg5 g6 29.Nf6+ Kg7
30.Ng4 Kg8 31.Qh6 f5 32.Rb7 Qc1+ 33.Qxc1  1-0

[Event "Heraklio op"]
[Site "Heraklio"]
[Date "1993.??.??"]
[Round "9"]
[White "Grivas, Efstratios"]
[Black "Genov, Petar"]
[Result "1-0"]
[WhiteElo "2505"]
[BlackElo "2435"]

1.d4 Nf6 2.c4 e6 3.Nf3 b6 4.g3 Ba6 5.Qb3 c6 6.Bg5 d5 7.cxd5 cxd5 8.e3 Bxf1
9.Kxf1 Be7 10.Kg2 Nc6 11.Rc1 Na5 12.Qb5+ Qd7 13.Qa6 Bd6 14.Bxf6 gxf6 15.Nc3 Qb7
16.Qe2 O-O 17.Rc2 Rac8 18.Rac1 Kg7 19.Ne1 f5 20.Nd3 Nc4 21.Qh5 h6 22.Ne2 Qa6
23.Nef4 Be7 24.b3 Nd6 25.Ne5 Bg5 26.Nxe6+ fxe6 27.Rc7+ Kh8 28.Qg6  1-0

[Event "Herzliya"]
[Site "Herzliya"]
[Date "1993.??.??"]
[Round "4"]
[White "Boensch, Uwe"]
[Black "Csom, Istvan"]
[Result "1-0"]
[WhiteElo "2525"]
[BlackElo "2475"]

1.d4 Nf6 2.c4 e6 3.Nf3 b6 4.g3 Ba6 5.Nbd2 Bb7 6.Bg2 c5 7.e4 cxd4 8.e5 Ng4
9.O-O Nc6 10.h3 Nh6 11.Ne4 d5 12.exd6 Nf5 13.c5 h5 14.b4 b5 15.Bg5 f6 16.Qb3 Kf7
17.Rfe1 Qd7 18.Bd2 Re8 19.a4 bxa4 20.Rxa4 a6 21.Bf1 Nb8 22.Neg5+ Kg6 23.Bd3  1-0

[Event "HUN-chT2"]
[Site "HUN"]
[Date "1993.??.??"]
[Round "?"]
[White "Sinkovics, Peter"]
[Black "Papagorasz, Takisz"]
[Result "1-0"]
[WhiteElo "2330"]
[BlackElo "2255"]

1.d4 Nf6 2.Nf3 b6 3.c4 e6 4.g3 Ba6 5.b3 Bb4+ 6.Bd2 Be7 7.Bg2 c6 8.Bc3 d5
9.Ne5 Nfd7 10.Nxd7 Nxd7 11.Nd2 Nf6 12.O-O O-O 13.e4 b5 14.Re1 c5 15.e5 Ne8
16.cxd5 exd5 17.dxc5 Bxc5 18.b4 Bb6 19.Nb3 Nc7 20.Nd4 Qd7 21.Qh5 Rac8 22.Rad1 g6
23.Qh6 Ne6 24.Bb2 Rc4 25.Nf3 Rc2 26.Rd2 Rfc8 27.Ree2 Rxd2 28.Rxd2 Qe7 29.a3 Bb7
30.h4 a5 31.Bh3 axb4 32.axb4 Rc4 33.Bf1 Rc8 34.Bxb5 Qxb4 35.Bd7 Rc7 36.Bxe6 fxe6
37.Bd4 Qb1+ 38.Kg2 Ba5 39.Rb2 Qe4 40.Rb3 Qf5 41.Ng5 Bd2 42.Rf3 Bxg5 43.hxg5 Rc4
44.Rxf5 exf5 45.e6 Rxd4 46.e7  1-0

[Event "HUN-chT2"]
[Site "HUN"]
[Date "1993.??.??"]
[Round "?"]
[White "Szabo, Peter"]
[Black "Paksa, Rudolf"]
[Result "1/2-1/2"]
[WhiteElo "2275"]
[BlackElo "2255"]

1.d4 Nf6 2.c4 e6 3.Nf3 b6 4.g3 Ba6 5.b3 Bb4+ 6.Bd2 Be7 7.Bg2 Bb7 8.Nc3 c5
9.e3 O-O 10.O-O d6 11.Qc2 Nbd7 12.Rfe1 a6 13.Rad1 Re8 14.Bc1  1/2-1/2

[Event "HUN-chT2"]
[Site "HUN"]
[Date "1993.??.??"]
[Round "?"]
[White "Vigh, Bela"]
[Black "Doery, Jeno"]
[Result "1/2-1/2"]
[WhiteElo "2400"]
[BlackElo "2330"]

1.d4 Nf6 2.c4 e6 3.Nf3 b6 4.g3 Ba6 5.Qc2 Bb7 6.Nc3 Bb4 7.Bd2 Bxc3 8.Bxc3 Ne4
9.Bg2 Nxc3 10.Qxc3 d6 11.O-O Nd7 12.Ne1 Bxg2 13.Kxg2 O-O 14.e4 c5 15.Rd1 Qc7
16.Nc2 Rac8 17.Ne3 Rfd8 18.f3 a6 19.Rf2 cxd4 20.Rxd4  1/2-1/2

[Event "HUN-chT"]
[Site "HUN"]
[Date "1993.??.??"]
[Round "?"]
[White "Chernin, Alexander"]
[Black "Farago, Ivan"]
[Result "1-0"]
[WhiteElo "2600"]
[BlackElo "2510"]

1.d4 e6 2.c4 Nf6 3.Nf3 b6 4.g3 Ba6 5.b3 Bb4+ 6.Bd2 Be7 7.Bg2 c6 8.O-O d5
9.Ne5 Nfd7 10.Nxd7 Nxd7 11.Bc3 O-O 12.Nd2 Rc8 13.e4 c5 14.exd5 exd5 15.dxc5 dxc4
16.c6 cxb3 17.Re1 Bb5 18.axb3 Bxc6 19.Bxc6 Rxc6 20.Rxa7 Nf6 21.Qf3 Qc8 22.Nb1 Bd8
23.Kg2 Re6 24.Qb7 Qxb7+ 25.Rxb7 Rxe1 26.Bxe1 Re8 27.Bd2 Ne4 28.Be3 Nd6 29.Rb8 Bc7
30.Rxe8+ Nxe8 31.Nc3 Nf6 32.Kf3 Kf8 33.Bd4 Bd8 34.Na4 b5 35.Nc3 b4 36.Na2 Be7
37.Bxf6 gxf6 38.Nc1 Ke8 39.Ke4 Kd7 40.Kd5 Kc7 41.Ne2 Kb6 42.Nd4 Bf8 43.Nf5 Kc7
44.Ne3 Kb6 45.Ng4 Bg7 46.h4 f5 47.Ne3 f4 48.Nc4+ Kc7 49.g4 Kd7 50.Ne5+ Ke8
51.Ke4 Bf6 52.h5 f3 53.Nxf3 Bc3 54.Ng5 h6 55.Nf3 Ke7 56.Nh4 Kf6 57.f4 Kg7
58.Nf5+ Kh7 59.Kd5 Bd2 60.Kc5 Bc3 61.Kd6 Bd2 62.Ke7 Bxf4 63.Kxf7 Bg5 64.Ne7 Bd2
65.Nd5 Kh8 66.Nf6 Bc3 67.Kg6 Bd2 68.Nd5 Kg8 69.Ne7+ Kf8 70.Nf5  1-0

[Event "HUN-chT2"]
[Site "HUN"]
[Date "1993.??.??"]
[Round "?"]
[White "Juhasz, Bela"]
[Black "Paksa, Rudolf"]
[Result "1-0"]
[WhiteElo "2240"]
[BlackElo "2255"]

1.d4 Nf6 2.c4 e6 3.Nf3 b6 4.g3 Ba6 5.b3 Bb4+ 6.Bd2 Be7 7.Nc3 Bb7 8.Qc2 c5
9.dxc5 bxc5 10.Bg2 O-O 11.O-O Nc6 12.Rfd1 d5 13.cxd5 exd5 14.Rac1 Nb4 15.Qb2 Nd7
16.Ne1 Bf6 17.a3 Na6 18.Qb1 Nb6 19.Bf4 Bxc3 20.Rxc3 Re8 21.Rc2 Qe7 22.Bc1 Rad8
23.e3 Bc8 24.Rcd2 Bg4 25.Bf3 Be6 26.Qc2 Nc7 27.Bb2 Rc8 28.Ng2 c4 29.b4 f6
30.Nf4 Bf7 31.Bd4 Rcd8 32.Bxb6 axb6 33.Nxd5 Bxd5 34.Bxd5+ Nxd5 35.Qxc4 h6
36.Rxd5 Kh8 37.Rxd8 Rxd8 38.Rxd8+ Qxd8 39.Qd4 Qa8 40.Qxb6 Qxa3 41.Qd4 Qc1+
42.Kg2 Qc6+ 43.e4 h5 44.h4 Qe8 45.Qd5 g6 46.b5  1-0

[Event "HUN-chT"]
[Site "HUN"]
[Date "1993.??.??"]
[Round "?"]
[White "Varasdy, Imre"]
[Black "Lorincz, Istvan"]
[Result "1/2-1/2"]
[WhiteElo "2380"]
[BlackElo "2355"]

1.d4 Nf6 2.Nf3 e6 3.c4 b6 4.g3 Ba6 5.b3 Bb4+ 6.Bd2 Be7 7.Bg2 Bb7 8.O-O c5
9.Bc3 cxd4 10.Bxd4 O-O 11.Bb2 Qc7 12.Nc3 a6 13.Rc1 d6 14.Qc2  1/2-1/2

[Event "HUN-chT"]
[Site "HUN"]
[Date "1993.??.??"]
[Round "?"]
[White "Vanczak, Attila"]
[Black "Foldi, Istvan"]
[Result "1/2-1/2"]
[WhiteElo "2230"]
[BlackElo "2325"]

1.d4 Nf6 2.c4 e6 3.Nf3 b6 4.g3 Ba6 5.b3 Bb4+ 6.Bd2 Be7 7.Nc3 c6 8.Bg2 O-O
9.O-O d5 10.cxd5 exd5 11.Ne5 Bb7 12.Bf4 Nbd7 13.Rc1 c5 14.dxc5  1/2-1/2

[Event "HUN-chT"]
[Site "HUN"]
[Date "1993.??.??"]
[Round "?"]
[White "Horvath, Jozsef"]
[Black "Forintos, Gyozo V"]
[Result "1-0"]
[WhiteElo "2535"]
[BlackElo "2445"]

1.d4 Nf6 2.c4 e6 3.Nf3 b6 4.g3 Ba6 5.b3 d5 6.cxd5 exd5 7.Bg2 Bd6 8.O-O O-O
9.Nc3 Re8 10.Bb2 Nbd7 11.Rc1 Rc8 12.Rc2 c6 13.Qc1 Ne4 14.Nxe4 dxe4 15.Nh4 Nf6
16.Nf5 Bf8 17.Qg5 Kh8 18.Ba3 h6 19.Qc1 Bb7 20.Bxf8 Rxf8 21.Qa3 Rc7 22.Ne3 Rd7
23.Nc4 Qa8 24.e3 Rfd8 25.Bh3 Rd5 26.Ne5 Rf8 27.Qe7 Kg8 28.Rfc1 Bc8 29.Bf1 c5
30.dxc5 Be6 31.cxb6 axb6 32.Nc4 Qb8 33.Qb4 b5 34.Na5 Bd7 35.Nc6 Bxc6 36.Rxc6 Qe5
37.R1c5 Rb8 38.Rxd5 Qxd5 39.Rc5 Qa8 40.a3 Kh7 41.Rxb5 Rc8 42.Bc4 Rc7 43.Rb8 Qc6
44.Rd8 Ra7 45.a4 Qc7 46.Qb8 Qa5 47.Kg2 Re7 48.h3 Kg6 49.Qd6 Ra7 50.Bb5 Qc3
51.Qd4 Qc7 52.Qd6 Qc3 53.Qd4 Qc7 54.b4 Rb7 55.Rd6 Qc2 56.Bc6 Re7 57.b5 Re6
58.Rxe6 fxe6 59.a5 h5 60.a6 h4 61.g4 Kh6 62.Qe5  1-0

[Event "HUN-chT"]
[Site "HUN"]
[Date "1993.??.??"]
[Round "?"]
[White "Horvath, Jozsef"]
[Black "Rigo, Janos"]
[Result "1/2-1/2"]
[WhiteElo "2535"]
[BlackElo "2355"]

1.d4 Nf6 2.c4 e6 3.Nf3 b6 4.g3 Ba6 5.b3 b5 6.Qc2 bxc4 7.bxc4 Bb4+ 8.Bd2 Be7
9.Bg2 O-O 10.O-O d5  1/2-1/2

[Event "HUN-ch"]
[Site "HUN"]
[Date "1993.??.??"]
[Round "1"]
[White "Horvath, Jozsef"]
[Black "Csom, Istvan"]
[Result "1/2-1/2"]
[WhiteElo "2545"]
[BlackElo "2475"]

1.d4 Nf6 2.c4 e6 3.Nf3 b6 4.g3 Ba6 5.b3 Bb7 6.Bg2 Bb4+ 7.Bd2 a5 8.O-O h6
9.Re1 c5 10.e4 cxd4 11.Nxd4 Bc5 12.Bc3 e5 13.Nb5 Nc6  1/2-1/2

[Event "HUN-ch"]
[Site "HUN"]
[Date "1993.??.??"]
[Round "10"]
[White "Horvath, Jozsef"]
[Black "Farago, Ivan"]
[Result "1/2-1/2"]
[WhiteElo "2545"]
[BlackElo "2540"]

1.d4 Nf6 2.c4 e6 3.Nf3 b6 4.g3 Ba6 5.b3 Bb4+ 6.Bd2 Be7 7.Bg2 c6 8.Bc3 d5
9.Ne5 Nfd7 10.Nxd7 Nxd7 11.Nd2 O-O 12.O-O Rb8 13.a4 Nf6 14.e4 c5  1/2-1/2

[Event "Katerini GP"]
[Site "Katerini"]
[Date "1993.??.??"]
[Round "9"]
[White "Skembris, Spyridon"]
[Black "Kalesis, Nikolaos"]
[Result "1-0"]
[WhiteElo "2545"]
[BlackElo "2410"]

1.d4 Nf6 2.c4 e6 3.Nf3 b6 4.g3 Ba6 5.Qa4 Bb7 6.Bg2 c5 7.dxc5 Bxc5 8.O-O O-O
9.Nc3 Be7 10.Rd1 Na6 11.Be3 Nc5 12.Bxc5 bxc5 13.Ne5 Bxg2 14.Kxg2 d6 15.Nc6 Qc7
16.Qa6 d5 17.cxd5 exd5 18.Rxd5 Rfc8 19.Nxe7+ Qxe7 20.Rd3 c4 21.Rd4 Rab8 22.Rad1 h6
23.R1d2 Qc7 24.h3 Kh7 25.Qd6 Qb7+ 26.Kh2 Rc6 27.Qf4 Rbc8 28.e4 Re6 29.e5 Nh5
30.Qf5+ g6 31.Qxe6 fxe6 32.Rd7+ Qxd7 33.Rxd7+ Kg8 34.Rxa7 Rb8 35.Nd1 Rd8
36.Ne3 Rd2 37.Kg2 Rxb2 38.Nxc4 Rc2 39.Ne3  1-0

[Event "Kecskemet2"]
[Site "Kecskemet"]
[Date "1993.??.??"]
[Round "6"]
[White "Shvidler, Eliahu"]
[Black "Habibi, Ali"]
[Result "1-0"]
[WhiteElo "2415"]
[BlackElo "2320"]

1.d4 Nf6 2.Nf3 e6 3.c4 b6 4.g3 Ba6 5.b3 Bb4+ 6.Bd2 Be7 7.Bg2 O-O 8.O-O c6
9.Bc3 d5 10.Ne5 Ne4 11.Bb2 f6 12.Nd3 f5 13.Nd2 Bd6 14.Rc1 Nd7 15.f3 Ng5 16.e4 Qe8
17.e5 Be7 18.Nf4 Bd8 19.Re1 Bb7 20.Ba3 Kh8 21.Bxf8 Nxf8 22.cxd5 cxd5 23.Nb1 Nf7
24.Nd3 g5 25.Nc3 Ng6 26.a4 Kg7 27.Qd2 h5 28.Nb5 Qd7 29.Qe3 f4 30.gxf4 Ne7
31.Bh3 Ba6 32.f5 Bxb5 33.fxe6 Qb7 34.axb5 Nh6 35.Qxg5+ Ng6 36.Qxh5 Be7 37.Kh1  1-0

[Event "Kecskemet"]
[Site "Kecskemet"]
[Date "1993.??.??"]
[Round "9"]
[White "Groszpeter, Attila"]
[Black "Stajcic, Nikola"]
[Result "1-0"]
[WhiteElo "2515"]
[BlackElo "2270"]

1.d4 Nf6 2.Nf3 e6 3.c4 b6 4.g3 Ba6 5.Qb3 c5 6.d5 exd5 7.cxd5 d6 8.Nc3 g6
9.Bg2 Bg7 10.O-O O-O 11.a4 Re8 12.Re1 Ne4 13.Nxe4 Rxe4 14.Ng5 Rb4 15.Qf3 Qf6
16.Ne6 fxe6 17.dxe6 Nc6 18.Qxc6 Rf8 19.Bf4 Rd4 20.Be3 Qe7 21.Qd7 Qxd7 22.exd7 Rd8
23.Bc6 Kf7 24.Bxd4 Bxd4 25.Rab1 Bc4 26.e3 Bf6 27.Red1 Ke7 28.Rd2 Be6 29.Rbd1 Bb3
30.Ra1 Be6 31.a5 Bxd7 32.Bxd7 Rxd7 33.axb6 axb6 34.Ra8 Rb7 35.f4 b5 36.Kf2 c4
37.Ke2 b4 38.Rc8 c3 39.bxc3 bxc3 40.Rc2 Kd7 41.Ra8 Ke6 42.e4 Rb4 43.Ke3 Rb1
44.Ra6 Re1+ 45.Kd3 Kf7 46.Ra7+ Kg8 47.Rd7 Rd1+ 48.Ke2 Rd4 49.Rxc3 Rxe4+ 50.Re3 Rxe3+
51.Kxe3 h5 52.Ke4 Bb2 53.Rxd6  1-0

[Event "Komotini GP"]
[Site "Komotini"]
[Date "1993.??.??"]
[Round "8"]
[White "Grivas, Efstratios"]
[Black "Kalesis, Nikolaos"]
[Result "1-0"]
[WhiteElo "2505"]
[BlackElo "2410"]

1.d4 Nf6 2.c4 e6 3.Nf3 b6 4.g3 Ba6 5.Qb3 Nc6 6.Nbd2 Bb7 7.e4 Na5 8.Qc2 c5
9.e5 Ng4 10.h3 Nh6 11.Ne4 Bxe4 12.Qxe4 cxd4 13.Bxh6 gxh6 14.O-O-O Rc8 15.Kb1 Bg7
16.Nxd4 f5 17.Qe3 Qe7 18.Nb5 O-O 19.Nd6 Rc7 20.f4 Nb7 21.Rh2 Qd8 22.Nb5 Rc5
23.Qf3 Rxb5  1-0

[Event "Kurgan"]
[Site "Kurgan"]
[Date "1993.??.??"]
[Round "?"]
[White "Pospelov, Evgeny"]
[Black "Pugachov, Alexey"]
[Result "1/2-1/2"]
[WhiteElo "2395"]
[BlackElo "2470"]

1.d4 Nf6 2.Nf3 e6 3.c4 b6 4.g3 Ba6 5.b3 Bb4+ 6.Bd2 Be7 7.Bg2 d5 8.Ne5 c6
9.Bc3 O-O 10.Nd2 Nfd7 11.Nxd7 Nxd7 12.O-O Rc8 13.Re1 dxc4 14.Nxc4 b5 15.Ne3 Nb6
16.Qd2 c5 17.dxc5 Qxd2 18.Bxd2 Bxc5 19.Rac1 Rfd8 20.Nf1 Ba3 21.Rxc8 Rxc8
22.Ne3 b4 23.Kf1 f5 24.Rd1 Kf7 25.Be1 Bb5 26.Rd2 a5 27.Rc2 Rxc2 28.Nxc2 Bb2
29.f4  1/2-1/2

[Event "Las Palmas2"]
[Site "Las Palmas"]
[Date "1993.??.??"]
[Round "?"]
[White "Garcia Padron, J."]
[Black "Rodrigues, Adriano Pfuhl"]
[Result "1/2-1/2"]
[WhiteElo "2445"]
[BlackElo "2260"]

1.d4 Nf6 2.Nf3 e6 3.c4 b6 4.g3 Ba6 5.b3 Bb7 6.Bg2 Bb4+ 7.Bd2 Be7 8.O-O O-O
9.Nc3 Na6 10.Be3 d5 11.Ne5 c6 12.Qd2 Rc8  1/2-1/2

[Event "Las Palmas Pirez"]
[Site "Las Palmas"]
[Date "1993.??.??"]
[Round "9"]
[White "Ramos, Victor"]
[Black "Garcia Padron, J."]
[Result "0-1"]
[WhiteElo "2250"]
[BlackElo "2465"]

1.d4 Nf6 2.Nf3 e6 3.c4 b6 4.g3 Ba6 5.Nbd2 c5 6.Bg2 Bb7 7.dxc5 Bxc5 8.O-O O-O
9.b3 Be7 10.Bb2 d6 11.Ne1 Qc7 12.e4 Nbd7 13.Qe2 Rfd8 14.Rc1 Rac8 15.Nc2 Qb8
16.Ne3 Qa8 17.f3 Re8 18.Kh1 Bc6 19.Nb1 Bf8 20.Rfd1 a6 21.Nc3 Qb8 22.a4 h5
23.Bf1 h4 24.gxh4 Qa8 25.Bh3 Rcd8 26.Ng2 g6 27.Qf2 Qb8 28.Rb1 Bg7 29.Ne3 Nc5
30.Bc1 Ncxe4 31.fxe4 Nxe4 32.Nxe4 Bxe4+ 33.Ng2 Bxb1 34.Be3 Bf5 35.Bxf5 exf5
36.Bxb6 Rd7 37.a5 Qb7 38.Re1 Rxe1+ 39.Qxe1 d5 40.c5 d4  0-1

[Event "Le Touquet op"]
[Site "Le Touquet"]
[Date "1993.??.??"]
[Round "?"]
[White "Chuchelov, Vladimir"]
[Black "Villeneuve, Alain"]
[Result "1-0"]
[WhiteElo "2510"]
[BlackElo "2340"]

1.d4 Nf6 2.Nf3 e6 3.c4 b6 4.g3 Ba6 5.b3 Bb7 6.Bg2 Bb4+ 7.Bd2 c5 8.Bxb4 cxb4
9.O-O O-O 10.Qd3 d6 11.Nbd2 Qe7 12.e4 e5 13.Ne1 Re8 14.Nc2 a5 15.Rfe1 Nbd7
16.Rad1 Rad8 17.Nf1 Nf8 18.Nfe3 Qc7 19.f3 N8d7 20.Nf5 g6 21.Nfe3 Kg7 22.Qd2 h6
23.Rc1 Qb8 24.Bh3 Nf8 25.Nd5 Nxd5 26.cxd5 Re7 27.Ne3 Kh7 28.Ng4 g5 29.f4  1-0

[Event "Lenk op"]
[Site "Lenk"]
[Date "1993.??.??"]
[Round "2"]
[White "Gheorghiu, Florin"]
[Black "Steinert, Martin"]
[Result "1-0"]
[WhiteElo "2475"]
[BlackElo "2290"]

1.d4 Nf6 2.Nf3 e6 3.c4 b6 4.g3 Ba6 5.b3 Bb7 6.Bg2 Bb4+ 7.Bd2 a5 8.O-O O-O
9.Bc3 d5 10.cxd5 exd5 11.Ne5 Qe7 12.Nd3 Bd6 13.Bb2 Na6 14.Nc3 Rfe8 15.a3 h5
16.Re1 c6 17.e4 dxe4 18.Nxe4 Nxe4 19.Bxe4 Qg5 20.h4 Qg4 21.Qxg4 hxg4 22.Rac1 b5
23.Bxc6 Bxc6 24.Rxc6 Rxe1+ 25.Nxe1 Be7 26.Nc2 a4 27.bxa4 bxa4 28.Ne3 Ra7
29.d5 Bf8 30.Bd4 Ra8 31.d6 Nb8 32.Rc8  1-0

[Event "Leon"]
[Site "Leon"]
[Date "1993.??.??"]
[Round "3"]
[White "Garcia Ilundain, David"]
[Black "Karpov, Anatoly"]
[Result "1/2-1/2"]
[WhiteElo "2475"]
[BlackElo "2725"]

1.d4 Nf6 2.c4 e6 3.Nf3 b6 4.g3 Ba6 5.b3 Bb7 6.Bg2 Bb4+ 7.Bd2 a5 8.O-O O-O
9.Qc2 h6 10.a3 Be7 11.Nc3 d5 12.Rfd1 Na6 13.Bc1 c5 14.cxd5 exd5 15.Bb2 Re8
16.Rac1 Bf8 17.e3 Nc7 18.Ne5 cxd4 19.exd4 Bd6 20.f4 b5 21.Qf5 Bc8 22.Qc2 Bd7
23.Nb1 Qc8 24.Qf2 Bf5 25.Nd2 h5 26.Ndf3 Ne4 27.Qf1 Be7 28.Rc6 f6 29.Rdc1 Bd8
30.Nd3 Ra6 31.Rxa6 Qxa6 32.Nc5 Qc8 33.Nh4 Nxc5 34.dxc5 Be4 35.f5 Bxg2 36.Qxg2 Qd7
37.Qf3 Qe7 38.c6 Qe2 39.Qxe2 Rxe2 40.Bd4 Na6 41.Ng2 Re4 42.Bf2 Bc7 43.Ne3 Rd4
44.Kf1 Rd3 45.Rd1  1/2-1/2

[Event "Leon"]
[Site "Leon"]
[Date "1993.??.??"]
[Round "5"]
[White "Garcia Ilundain, David"]
[Black "Vyzmanavin, Alexey"]
[Result "0-1"]
[WhiteElo "2475"]
[BlackElo "2620"]

1.d4 Nf6 2.Nf3 e6 3.c4 b6 4.g3 Ba6 5.b3 Bb4+ 6.Bd2 Be7 7.Bg2 d5 8.O-O O-O
9.Bc3 Bb7 10.Nbd2 Na6 11.Qc2 Rc8 12.Rfd1 c5 13.dxc5 bxc5 14.Ne5 Qb6 15.a3 Ba8
16.Rab1 d4 17.Ba1 Bxg2 18.Kxg2 Bd6 19.Nd3 e5 20.e4 Rb8 21.Re1 Rfe8 22.Qd1 Qc6
23.f4 Nd7 24.f5 Rb7 25.Bb2 Bc7 26.Re2 Nf6 27.Bc1 Ba5 28.Nf3 Nd7 29.Bd2 Qc7
30.g4 Bxd2 31.Qxd2 Nab8 32.g5 Nc6 33.b4 a6 34.Qc1 g6 35.fxg6 hxg6 36.Reb2 Nd8
37.h4 Ne6 38.bxc5 Rxb2+ 39.Qxb2 Ndxc5 40.Ndxe5 Qc8 41.Qc1 Nxe4 42.Rb6 d3
43.Qe3 Qc5 44.Qxe4 Qxb6 45.Nxf7 Nf4+ 46.Qxf4 Re2+ 47.Kh3 Qe6+ 48.Kg3 Qxf7
49.Qd4 Qc7+ 50.Kh3 d2 51.c5 Rf2 52.Qd3 Rxf3+  0-1

[Event "Leon"]
[Site "Leon"]
[Date "1993.??.??"]
[Round "6"]
[White "Vyzmanavin, Alexey"]
[Black "Karpov, Anatoly"]
[Result "1/2-1/2"]
[WhiteElo "2620"]
[BlackElo "2725"]

1.d4 Nf6 2.c4 e6 3.Nf3 b6 4.g3 Ba6 5.b3 Bb4+ 6.Bd2 Be7 7.Bg2 c6 8.Bc3 d5
9.Ne5 Nfd7 10.Nxd7 Nxd7 11.Nd2 O-O 12.O-O Rc8 13.Re1 c5 14.cxd5 exd5 15.a3 Nf6  1/2-1/2

[Event "Linares NL m3"]
[Site "Linares"]
[Date "1993.??.??"]
[Round "3"]
[White "Garmendez, Florentino"]
[Black "Sisniega, Marcel"]
[Result "0-1"]
[WhiteElo "2410"]
[BlackElo "2540"]

1.d4 Nf6 2.c4 e6 3.Nf3 b6 4.g3 Ba6 5.b3 Bb4+ 6.Bd2 Be7 7.Bg2 c6 8.O-O d5
9.Bc3 Nbd7 10.Nbd2 Rc8 11.Re1 c5 12.e4 dxc4 13.d5 exd5 14.exd5 Nxd5 15.Bxg7 Rg8
16.bxc4 Nf4 17.Bh6 Nxg2 18.Kxg2 Bb7 19.h4 Nf8 20.Kh2 Ne6 21.Rxe6 fxe6 22.Ne5 Qd4
23.Qh5+ Kd8 24.Rf1 Kc7 25.Be3 Qc3 26.Qxh7 Rce8 27.Nb1 Qb2 28.Bf4 Qe2 29.Kg1 Qe4
30.Nc6+ Qxf4  0-1

[Event "SWE-ch"]
[Site "Lindesberg"]
[Date "1993.??.??"]
[Round "4"]
[White "Eriksson, Johan"]
[Black "Brynell, Stellan"]
[Result "0-1"]
[WhiteElo "2305"]
[BlackElo "2470"]

1.d4 e6 2.c4 Nf6 3.Nf3 b6 4.g3 Ba6 5.b3 Bb7 6.Bg2 Bb4+ 7.Bd2 a5 8.O-O O-O
9.Nc3 h6 10.Rc1 d6 11.Qc2 Nbd7 12.Rfe1 Bxc3 13.Bxc3 Be4 14.Qd2 a4 15.Red1 axb3
16.axb3 Qb8 17.Ne1 Bxg2 18.Kxg2 Ne4 19.Qc2 Qb7 20.f3 Nxc3 21.Qxc3 Ra2 22.Rc2 Rfa8
23.Rxa2 Rxa2 24.Rd2 Ra5 25.Nd3 Qa8 26.Rc2 Kf8 27.Qb2 Nf6 28.Qc1 Ra1 29.Qd2 Kg8
30.Nb4 Qa3 31.Rb2 c5 32.dxc5 bxc5 33.Nd3 d5 34.Qc2 Nd7 35.b4 dxc4 36.Qxc4 Ne5
37.Qb3 Qxb3 38.Rxb3 c4  0-1

[Event "Lippstadt"]
[Site "Lippstadt"]
[Date "1993.??.??"]
[Round "?"]
[White "Wehmeier, Stefan"]
[Black "Matthias, Heiner"]
[Result "1/2-1/2"]
[WhiteElo "2320"]
[BlackElo "2335"]

1.d4 Nf6 2.c4 e6 3.Nf3 b6 4.g3 Ba6 5.b3 Bb7 6.Bg2 Bb4+ 7.Bd2 Be7 8.Nc3 O-O
9.O-O d5 10.Ne5 Na6 11.cxd5 exd5 12.Bg5 c6 13.Rc1 h6 14.Bxf6 Bxf6 15.f4  1/2-1/2

[Event "Ljubljana op"]
[Site "Ljubljana"]
[Date "1993.??.??"]
[Round "?"]
[White "Kragelj, Igor"]
[Black "Justin, Matijaz"]
[Result "0-1"]
[WhiteElo "2305"]
[BlackElo "2385"]

1.d4 Nf6 2.c4 e6 3.Nf3 b6 4.g3 Ba6 5.b3 b5 6.cxb5 Bxb5 7.Bg2 c5 8.O-O Bc6
9.Ba3 Na6 10.Nbd2 Be7 11.dxc5 Nxc5 12.Rc1 Nb7 13.Bxe7 Qxe7 14.Nc4 O-O 15.Qd2 a5
16.Nfe5 Bxg2 17.Kxg2 d6 18.Nc6 Qc7 19.Nd4 Nc5 20.f3 Rfb8 21.Rc2 Ra6 22.Rfc1 h6
23.Na3 Qd7 24.e4 Qb7 25.e5 dxe5 26.Rxc5 exd4 27.Qxd4 Raa8 28.Nb5 Rd8 29.Qb2 Rd3
30.Qe2 Rad8 31.Rc8 Qd7 32.Rxd8+ Qxd8 33.Rc2 Nd5 34.Rc8 Qxc8 35.Qxd3 Qc1 36.a4 g6
37.Nd6 Ne3+ 38.Kf2 Nd1+ 39.Kg2 Qb2+  0-1

[Event "Ljubljana op"]
[Site "Ljubljana"]
[Date "1993.??.??"]
[Round "?"]
[White "Tratar, Marko"]
[Black "Levin, Felix"]
[Result "0-1"]
[WhiteElo "2290"]
[BlackElo "2510"]

1.d4 Nf6 2.c4 e6 3.Nf3 b6 4.g3 Ba6 5.b3 Bb4+ 6.Bd2 Be7 7.Bg2 Bb7 8.Nc3 d5
9.cxd5 exd5 10.O-O O-O 11.Qc2 Na6 12.Rfd1 Qd7 13.Bf4 Rfd8 14.Ne5 Qe6 15.Qb2 c5
16.Be3 Ne4 17.Nd3 g5 18.Rac1 Bf6 19.Ne1 Nc7 20.Nc2 Qf5 21.Nxe4 dxe4 22.b4 c4
23.a4 a6 24.Bd2 b5 25.Ne3 Qe6 26.Bc3 Bg7 27.Qc2 f5 28.g4 fxg4 29.d5 Nxd5
30.Rxd5 Bxd5 31.Nxd5 Rxd5 32.Bxg7 Kxg7 33.Bxe4 Rad8 34.Bxd5 Qxd5 35.axb5 axb5
36.Ra1 Qd4 37.Ra5 Qd1+ 38.Qxd1 Rxd1+ 39.Kg2 c3 40.Ra7+ Kg6 41.Rc7 Rc1 42.f3 gxf3+
43.Kxf3 c2 44.Ke4 g4 45.e3 h5 46.Kd3 Rd1+ 47.Kxc2 Rh1  0-1

[Event "Lublin"]
[Site "Lublin"]
[Date "1993.??.??"]
[Round "?"]
[White "Murdzia, Piotr"]
[Black "Hawelko, Marek"]
[Result "0-1"]
[WhiteElo "2365"]
[BlackElo "2400"]

1.d4 Nf6 2.Nf3 e6 3.c4 b6 4.g3 Ba6 5.Nbd2 Bb7 6.Bg2 c5 7.O-O cxd4 8.Nxd4 Bxg2
9.Kxg2 Qc8 10.b3 Qb7+ 11.f3 Be7 12.e4 d6 13.Qe2 O-O 14.Bb2 Re8 15.Rfd1 a6
16.Nf1 Nbd7 17.Ne3 Bf8 18.Qf2 Rac8 19.Rac1 d5 20.exd5 exd5 21.Ndf5 dxc4 22.Nxc4 Ng4
23.Rxd7 Qxd7 24.fxg4 b5 25.Nb6 Qb7+ 26.Kh3 Rxc1 27.Bxc1 Re6 28.Be3 g6 29.Nh4 Be7
30.a4 Qe4 31.Bc5 h5 32.gxh5 g5 33.g4 Bxc5 34.Qxc5 Qd3+ 35.Kg2 Re2+  0-1

[Event "Lublin"]
[Site "Lublin"]
[Date "1993.??.??"]
[Round "?"]
[White "Czerwonski, Aleksander"]
[Black "Solozhenkin, Evgeniy"]
[Result "0-1"]
[WhiteElo "2370"]
[BlackElo "2480"]

1.d4 Nf6 2.c4 e6 3.Nf3 b6 4.g3 Ba6 5.Nbd2 Bb7 6.Bg2 c5 7.d5 exd5 8.Nh4 g6
9.cxd5 Bg7 10.Nc4 O-O 11.O-O d6 12.Bf4 Ne8 13.Qd2 Ba6 14.Rac1 b5 15.Na5 b4
16.Nc6 Nxc6 17.dxc6 Qe7 18.Rfd1 Rd8 19.Bf3 Bc8 20.Ng2 Bf6 21.Ne3 Be6 22.Bh6 Bg7
23.Bxg7 Nxg7 24.Nd5 Bxd5 25.Bxd5 Ne8 26.Bg2 Nc7 27.e3 Qe6 28.Qc2 a5 29.Qa4 Ra8
30.Rd2 Rfd8 31.Qd1 Qe5 32.a4 bxa3 33.bxa3 Rab8 34.Rb1 Rxb1 35.Qxb1 d5 36.Qb6 d4
37.Bf1 Kg7 38.Qxa5 Rd5 39.e4 Rd8 40.Rc2 Ne6 41.Bc4 Rb8 42.Rc1 Ng5 43.Bd3 Rb2
44.Rf1 Qf6 45.c7 Qc6 46.h4 Nf3+ 47.Kg2 Ne5 48.Bb1 Rb7 49.Qa8 Qxc7 50.Rc1 c4
51.a4 d3 52.h5 gxh5 53.Bxd3 Nxd3 54.Rxc4 Qxc4 55.Qxb7 Qd4 56.Qd5 Qxf2+ 57.Kh3 Qf1+
58.Kh2 Qe2+ 59.Kh3 Nf2+  0-1

[Event "Lublin"]
[Site "Lublin"]
[Date "1993.??.??"]
[Round "?"]
[White "Murdzia, Piotr"]
[Black "Solozhenkin, Evgeniy"]
[Result "0-1"]
[WhiteElo "2365"]
[BlackElo "2480"]

1.d4 Nf6 2.c4 e6 3.Nf3 b6 4.g3 Ba6 5.Nbd2 Bb4 6.Qa4 c5 7.a3 Bxd2+ 8.Bxd2 cxd4
9.Bg2 Bb7 10.O-O Bc6 11.Qd1 Bxf3 12.Bxf3 Nc6 13.Bf4 O-O 14.Bd6 Re8 15.b4 e5
16.Bd5 Nxd5 17.cxd5 Qf6 18.dxc6 Qxd6 19.cxd7 Qxd7 20.Qb3 Qb5 21.Qd3 Qxd3
22.exd3 Rac8 23.Rfc1 Kf8 24.a4 Ke7 25.a5 b5 26.Kf1 Kd6 27.Ke2 Rc3 28.Rxc3 dxc3
29.Rc1 Rc8 30.Kd1 Kd5 31.Kc2 Rc7 32.Re1 f5 33.f3 Kd4 34.g4 g6 35.Re2 Re7
36.gxf5 gxf5 37.Rg2 e4 38.fxe4 fxe4 39.Rg4 h5 40.Rh4 a6 41.dxe4 Rxe4 42.Rxh5 Kc4
43.Rc5+ Kxb4 44.Rxc3 Re2+ 45.Kd3 Rxh2  0-1